000 00521nam a2200181Ia 4500
999 _c33305
_d33305
003 OSt
005 20200824111127.0
008 190216s9999||||xx |||||||||||||| ||und||
020 _a8122406580
040 _coclc
082 _a530.41
_bPIL/P
100 _aPillai, S O
_94294
245 0 _aProblems And Solutions In Solid State Physics /
_cS O Pillai
260 _bWiley Eastern Ltd,
_c1994.
_aNew Delhi:
300 _a377p
650 _aPhysics
942 _cBK
_2ddc
_h530.41
_iPIL/P
_k530.41
_mPIL/P